000 01337nam a2200205Ia 4500
001 b6756-48505
003 IT-MiCISF
008 161014s9999||||xx |||||||||||||| ||und||
040 _aIT-MiCISF
_cIT-MiCISF
041 _ait, fr, sp
100 _aSacchetto Claudio (a cura di)
245 0 _aLa tassazione della famiglia: aspetti nazionali e comparati
250 _a1a ed.
260 _a Soveria Mannelli (CZ)
_bRubbettino
_c2010
300 _app. 169
500 _aSacchetto C., Sacco R., Beltrame P., Alburquenque Lillo S., Barassi M., Bizioli G., Pezzini B., Lorenzetti A., Leroy M. / politica-familiare, comparazione, diritto, reddito / La famiglia è l'istituzione che crea la vita, la famiglia vive essa stessa nella vita che crea, vive nella storia e nella società che perpetua. La fiscalità è strumento per il raggiungimento del bene comune, nel cui ambito sta anche l'istituto della famiglia. La tassazione della famiglia in Italia, che finora l'ha ignorata quando non apertamente penalizzata, può e deve migliorare, e i sistemi di tassazione stranieri possono insegnarci come migliorare la nostra situazione. Questo libro è una riflessione sul perché e come può migliorare la fiscalità della famiglia.
650 _a Famiglia nella società / politica-familiare
_e006
942 _cBK
957 _71
999 _a48505
_bsi
_g1
_c210258
_d210258